000 01571cam a2200349 a 4500
001 15884591
003 OSt
005 20150408113956.0
008 111210s2009 enk b 001 0 eng
010 _a
020 _a9780199572625 (hbk.)
020 _a0199572623 (hbk.)
035 _a(OCoLC)ocn430497055
040 _aUKM
_cMU
042 _aukblcatcopy
_alccopycat
050 0 0 _b.R45 2009
082 0 4 _a821.4 R N M
_222
100 1 _aReisner, Noam,
_d1974-
_97549
245 1 0 _aMilton and the ineffable /
_cNoam Reisner.
260 _aOxford ;
_aNew York :
_bOxford University Press,
_c2009.
300 _axii, 321 p. ;
_c23 cm.
490 1 _aOxford English monographs
504 _aIncludes bibliographical references (p. [288]-308) and index.
505 0 _aSilence and presence: ineffability in ancient and medieval Western thought -- The power and illusion of words: renegotiating ineffable presence in the advent of humanism and reform -- Milton's Poems 1645: the problem with soaring -- Paradise Lost: pretending to say the unsayable -- Paradise Regained and Samson Agonistes: the ineffable self -- Epilogue: Wittgenstein's verdict.
600 1 0 _aMilton, John,
_d1608-1674
_xCriticism and interpretation.
_97550
650 0 _aIneffable, The, in literature.
_97551
650 0 _aEnglish poetry
_y17th century
_xHistory and criticism.
_97552
830 0 _aOxford English monographs.
_97553
906 _a7
_bcbc
_ccopycat
_d2
_eepcn
_f20
_gy-gencatlg
942 _2ddc
_cDVD
999 _c19499
_d253999